| 000 | 00524nam a22001697a 4500 | ||
|---|---|---|---|
| 999 |
_c115590 _d115590 |
||
| 003 | OSt | ||
| 005 | 20190926160248.0 | ||
| 008 | 190926b2001 ||||| |||| 00| 0 eng | ||
| 040 | _cNlsiu | ||
| 082 | _a362.17 WOL | ||
| 245 | _aNetworking For monitoring the impact of globalization and trips on access to medicines | ||
| 260 |
_aThailand _bWorld Health Organization _c2001 |
||
| 300 | _a67p | ||
| 505 | _tHealth Economics and Drugs EDM series No .11 | ||
| 651 |
_zGeneric Drugs _z Parallel Imports |
||
| 942 |
_2ddc _cREP |
||